LEADER 01714nam 2200385 n 450 001 996386588003316 005 20200824120957.0 035 $a(CKB)1000000000614454 035 $a(EEBO)2240944834 035 $a(UnM)99871284e 035 $a(UnM)99871284 035 $a(EXLCZ)991000000000614454 100 $a19940927d1641 uy | 101 0 $aeng 135 $aurbn||||a|bb| 200 12$aA letter of that most religious and pious prince K. Edward the sixth to Nicholas Ridley Bishop of London$b[electronic resource] $e for the taking downe of altars, and setting up the table in the steed thereof, subscribed by nine of the said kings Privie Councell, together with the said kings six reasons for the same alteration; all which are set forth in the Ecclesiasticall history, containing the Acts and monuments of martyrs, written by M. John Fox, and may there be read in the life of that ever blessed king 210 $aLondon $c[s.n.]$dPrinted 1641 215 $a[2], 5 [i.e. 9], [1] p 300 $aPages 8, 9 misnumbered 4, 5 respectively. 300 $aReproduction of the original in the British Library. 330 $aeebo-0018 606 $aAltars$vEarly works to 1800 606 $aCommunion table$vEarly works to 1800 615 0$aAltars 615 0$aCommunion table 700 $aEdward$cKing of England,$f1537-1553.$01002269 712 02$aEngland and Wales.$bSovereign (1547-1553 : Edward VI) 801 0$bCu-RivES 801 1$bCu-RivES 801 2$bCStRLIN 801 2$bWaOLN 906 $aBOOK 912 $a996386588003316 996 $aA letter of that most religious and pious prince K. Edward the sixth to Nicholas Ridley Bishop of London$92304937 997 $aUNISA LEADER 04374nam 2200985Ia 450 001 9910779154403321 005 20231006191842.0 010 $a1-280-59330-X 010 $a9786613623133 010 $a0-520-95144-1 024 7 $a10.1525/9780520951440 035 $a(CKB)2550000000103567 035 $a(EBL)922593 035 $a(OCoLC)794328933 035 $a(SSID)ssj0000658413 035 $a(PQKBManifestationID)11414999 035 $a(PQKBTitleCode)TC0000658413 035 $a(PQKBWorkID)10691738 035 $a(PQKB)10657110 035 $a(StDuBDS)EDZ0000092612 035 $a(MdBmJHUP)muse30845 035 $a(DE-B1597)518713 035 $a(OCoLC)797838813 035 $a(DE-B1597)9780520951440 035 $a(Au-PeEL)EBL922593 035 $a(CaPaEBR)ebr10565454 035 $a(CaONFJC)MIL362313 035 $a(MiAaPQ)EBC922593 035 $a(EXLCZ)992550000000103567 100 $a20120120d2012 ub 0 101 0 $aeng 135 $aur|n|---||||| 181 $ctxt$2rdacontent 182 $cc$2rdamedia 183 $acr$2rdacarrier 200 10$aReturn to the sea$b[electronic resource] $ethe life and evolutionary times of marine mammals /$fAnnalisa Berta ; illustrated by James L. Sumich and Carl Buell 205 $aFirst edition. 210 1$aBerkeley, California :$cUniversity of California Press,$d2012. 215 $a1 online resource (222 pages) 300 $aDescription based upon print version of record. 311 $a0-520-27057-6 320 $aIncludes bibliographical references and index. 327 $tFrontmatter --$tContents --$tPreface --$tAcknowledgments --$tChapter One. Marine Mammals --$tChapter Two. Past Diversity in Time and Space, Paleoclimates, and Paleoecology --$tChapter Three. Pinniped Diversity, Evolution, and Adaptations --$tChapter Four. Cetartiodactylan Diversity, Evolution, and Adaptations --$tChapter Five. Diversity, Evolution, and Adaptations of Sirenians and Other Marine Mammals --$tChapter Six. Ecology and Conservation --$tGlossary --$tFurther Reading and Online Sources --$tIllustration Credits --$tIndex 330 $aReturn to the Sea portrays the life and evolutionary times of marine mammals-from giant whales and sea cows that originated 55 million years ago to the deep diving elephant seals and clam-eating walruses of modern times. This fascinating account of the origin of various marine mammal lineages, some extinct, others extant but threatened, is for the non-specialist. Set against a backdrop of geologic time, changing climates, and changing geography, evolution is the unifying principle that helps us to understand the present day diversity of marine mammals and their responses to environmental challenges. Annalisa Berta explains current controversies and explores patterns of change taking place today, such as shifting food webs and predator-prey relationships, habitat degradation, global warming, and the effects of humans on marine mammal communities. 606 $aMarine mammals$xEvolution 606 $aMarine animals$xEvolution 610 $abioscience books. 610 $aclimate change and animals. 610 $aclimate change and the ocean. 610 $aelephant seals. 610 $aevolution. 610 $aevolutionary biologist. 610 $aextinct mammals. 610 $aextinct marine life. 610 $aglobal warming. 610 $ahistory of mammals. 610 $ahistory of the sea. 610 $ahumans and marine life. 610 $amammal evolution. 610 $amammal zoology. 610 $amarine biology students. 610 $amarine evolution. 610 $amarine food webs. 610 $amarine history. 610 $amarine life history. 610 $amarine mammal science. 610 $amarine species. 610 $anatural history. 610 $aoceanography books. 610 $apolar bears. 610 $apredator and prey. 610 $awalruses. 610 $awhales and dolphins. 610 $azoology. 615 0$aMarine mammals$xEvolution. 615 0$aMarine animals$xEvolution. 676 $a599.5/138 700 $aBerta$b Annalisa$01485365 801 0$bMiAaPQ 801 1$bMiAaPQ 801 2$bMiAaPQ 906 $aBOOK 912 $a9910779154403321 996 $aReturn to the sea$93704467 997 $aUNINA